Nimodipine augments cerebrovascular reactivity in aging but runs the risk of local perfusion reduction in acute cerebral ischemia

Elmentve itt :
Bibliográfiai részletek
Szerzők: Kecskés Szilvia
Menyhárt Ákos
Bari Ferenc
Farkas Eszter
Dokumentumtípus: Cikk
Megjelent: 2023
Sorozat:FRONTIERS IN AGING NEUROSCIENCE 15
Tárgyszavak:
doi:10.3389/fnagi.2023.1175281

mtmt:33803477
Online Access:http://publicatio.bibl.u-szeged.hu/29970
LEADER 00888nab a2200241 i 4500
001 publ29970
005 20240326091432.0
008 240326s2023 hu o 0|| eng d
022 |a 1663-4365 
024 7 |a 10.3389/fnagi.2023.1175281  |2 doi 
024 7 |a 33803477  |2 mtmt 
040 |a SZTE Publicatio Repozitórium  |b hun 
041 |a eng 
100 1 |a Kecskés Szilvia 
245 1 0 |a Nimodipine augments cerebrovascular reactivity in aging but runs the risk of local perfusion reduction in acute cerebral ischemia  |h [elektronikus dokumentum] /  |c  Kecskés Szilvia 
260 |c 2023 
300 |a 14 
490 0 |a FRONTIERS IN AGING NEUROSCIENCE  |v 15 
650 4 |a Biológiai tudományok 
700 0 1 |a Menyhárt Ákos  |e aut 
700 0 1 |a Bari Ferenc  |e aut 
700 0 1 |a Farkas Eszter  |e aut 
856 4 0 |u http://publicatio.bibl.u-szeged.hu/29970/1/2023frontagingneuroscikecskesetal.pdf  |z Dokumentum-elérés